UBT Library

Focus on personal finance : (Record no. 44243)

000 -LEADER
fixed length control field 00985cam a2200241 a 4500
001 - CONTROL NUMBER
control field 15753895
005 - DATE AND TIME OF LATEST TRANSACTION
control field 20180307032531.0
008 - FIXED-LENGTH DATA ELEMENTS--GENERAL INFORMATION
fixed length control field 090528s2010 nyua 001 0 eng
010 ## - LIBRARY OF CONGRESS CONTROL NUMBER
LC control number 2009021387
020 ## - INTERNATIONAL STANDARD BOOK NUMBER
International Standard Book Number 9780073382425 (alk. paper)
020 ## - INTERNATIONAL STANDARD BOOK NUMBER
International Standard Book Number 0073382426 (alk. paper)
035 ## - SYSTEM CONTROL NUMBER
System control number (OCoLC)ocn286444546
040 ## - CATALOGING SOURCE
Original cataloging agency DLC
Transcribing agency DLC
Modifying agency YDX
-- DLC
041 ## - LANGUAGE CODE
Language code of text/sound track or separate title eng
080 ## - UNIVERSAL DECIMAL CLASSIFICATION NUMBER
Universal Decimal Classification number 336 KAP
082 ## - DEWEY DECIMAL CLASSIFICATION NUMBER
Classification number 336 KAP
100 1# - Rafti
Rafti 56
101 ## - Shkurtesa
Shkurtesa FIN
245 10 - TITLE STATEMENT
Title Focus on personal finance :
Statement of responsibility, etc Jack R. Kapoor, Les R. Dlabay, Robert J. Hughes.
906 ## - LOCAL DATA ELEMENT F, LDF (RLIN)
a 7
b cbc
c orignew
d 1
e ecip
f 20
g y-gencatlg
942 ## - ADDED ENTRY ELEMENTS (KOHA)
Source of classification or shelving scheme
Item type Books
Holdings
Withdrawn status Lost status Source of classification or shelving scheme Damaged status Not for loan Collection code Permanent location Current location Shelving location Date acquired Total Checkouts Full call number Barcode Date last seen Price effective from Koha item type
          Koleksioni i përgjithshem UBT - Lipjan UBT - Lipjan Koleksioni i përgjithshem 03/07/2018   336 KAP 002-3000972 03/07/2018 03/07/2018 Books
UBT Library © 2015-2024. All rights reserved University Education for Business and Technology